Adaptácia rekurentných neurónových sietí s využitím metód a prostriedkov masívneho paralelizmu
Salvato in:
| Autore principale: | |
|---|---|
| Altri autori: | |
| Natura: | Manoscritto Libro |
| Lingua: | slovacco |
| Pubblicazione: |
2015
|
| Soggetti: | |
| Accesso online: | http://is.stuba.sk/zp/portal_zp.pl?podrobnosti=110049 |
| Tags: |
Nessun Tag, puoi essere il primo ad aggiungerne!!
|
MARC
| LEADER | 00000ntm a22000003a 4500 | ||
|---|---|---|---|
| 001 | stuzp53720 | ||
| 003 | SK-STU | ||
| 005 | 20160719154543.3 | ||
| 007 | ta | ||
| 008 | 150427s2015----xo-----f-mn---000-0-slo-d | ||
| 040 | |a STU |b slo | ||
| 041 | 0 | |a slo | |
| 044 | |a xo | ||
| 100 | 1 | |a Jánošík, Tomáš |u 070300 |4 aut |U FIIT Fakulta informatiky a informačných technológií |T FIIT Ústav aplikovanej informatiky |X 5671 |U I300 |Y 180 |7 A000005671 | |
| 242 | 0 | 1 | |a Adaptation of Recurrent Neural Networks Using Methods and Tools of Massive Paralelism |y eng |
| 245 | 1 | 0 | |a Adaptácia rekurentných neurónových sietí s využitím metód a prostriedkov masívneho paralelizmu |
| 260 | |c 2015 | ||
| 300 | |a 60 s. |e CD-ROM | ||
| 650 | 4 | |a masívny maralelizmus |2 slo | |
| 650 | 4 | |a architektúry rekurentných neurónových sietí |2 slo | |
| 650 | 4 | |a adaptácia algoritmov učenia |2 slo | |
| 650 | 4 | |a massive paralelism |2 eng | |
| 650 | 4 | |a recurrent neural networks architecture |2 eng | |
| 650 | 4 | |a learning algorithms adaptation |2 eng | |
| 700 | 1 | |a Čerňanský, Michal |4 ths |X 4236 |7 4236 | |
| 856 | 4 | |u http://is.stuba.sk/zp/portal_zp.pl?podrobnosti=110049 | |
| 996 | |b 284ID00082 |c I* DP79/15 |l II680 |s P |a 0 |w stuzp53720_0001 | ||
| SQL | |a stuzp53720 |b DDP |c SLO |d Adaptácia rekurentných neurónových sietí s využitím metód a prostriedkov masívneho paralelizmu |e 5671 |f Jánošík, Tomáš |g 070300 |h 4236 |i Čerňanský, Michal |j 20150610 |k 211 |l 07 |m http://is.stuba.sk/zp/portal_zp.pl?podrobnosti=110049 |n I-SI2 |o 9.2.5. softvérové inžinierstvo | ||